Marvel women quiz (MCU) - Statistics

General Stats
  • This quiz has been taken 203 times
  • The average score is 6 of 7
Answer Stats
Surnames First names % Correct
Maximoff Wanda
99%
Potts Pepper
98%
Romanoff/Romonova Natasha
97%
Danvers Carol
93%
Belova Yelena
80%
Zen Whoberi Ben Titan Gamora
48%
Anova Nebula
39%
No matching quizzes found
Score Distribution
Percent of People with Each Score
Percentile by Number Answered
Your Score History
You have not taken this quiz